LEADER 01233nam a2200277 i 4500 001 000000137275 003 CaOOAMICUS 005 20050412000000.0 008 050412s2004 it u000 u ita u 013 $a111048 020 $a88-343-1989-3 040 $aSeMil$bita 100 1 $aCorti, Giuseppe.$0(OLS)http://semarc/name/55736 245 10$aLucifero di Cagliari :$buna voce nel conflitto tra chiesa e impero alla metà del 4. secolo /$cGiuseppe Corti. 260 $aMilano :$bVita e Pensiero,$c2004. 300 $aXVI, 302 p. ;$c23 cm. 490 0 $aStudia Patristica Mediolanensia ;$v24. 500 $aContiene : Bibliografia. 600 04$aLucifero : di Cagliari.$0(OLS)http://semarc/subject/26957 830 0$aStudia patristica Mediolanensia ;$v24.$0(OLS)http://semarc/title/64 850 $aSeMil 852 $aSeMil$W1$xVenegono$y1$m2IA H 24$j236415$B90827$CSeMilBibl$Z2$F95781 $81 961 $aSottoscrizione: Vita e Pensiero 996 $6020$a88-343-1989-3$9(OLS)http://semarc/number/124957 996 $6245$aLucifero di Cagliari :$buna voce nel conflitto tra chiesa e impero alla metà del 4. secolo$9(OLS)http://semarc/title/200559 996 $6260$aMilano :$bVita e Pensiero$9(OLS)http://semarc/publisher/29642 LEADER 01104nam a2200253 4500 001 000000362058 003 CaOOAMICUS 005 20250310122049.0 008 250310s2000 gw a 000 u ger r 020 $a3-534-13594-6 040 $aSeMil$bita 100 1 $aTworuschka, Udo,$d<1949- >.$0(OLS)http://semarc/name/121156 245 00$aHeilige Schriften :$beine Einführung /$cherausgegeben von Udo Tworuschka. 264 1$aDarmstadt :$bWissenschaftliche Buchgesellschaft,$c2000. 300 $a318 p. ;$c23 cm 650 4$aLibri sacri - Religioni.$0(OLS)http://semarc/subject/57272 650 4$aLibri sacri - Storia.$0(OLS)http://semarc/subject/57273 850 $aSeMil 852 $aSeMil$W1$xVenegono$y1$m2R V 317$j255083$B252993$CSeMilBibl$Z2$F252993 $81 961 $aBuzzi mons. Franco - Omaggio 996 $6020$a3-534-13594-6$9(OLS)http://semarc/number/302707 996 $6245$aHeilige Schriften :$beine Einführung$9(OLS)http://semarc/title/452909 996 $6264$aDarmstadt :$bWissenschaftliche Buchgesellschaft$9(OLS)http://semarc/publisher/32002 LEADER 00974nam a2200241 i 4500 001 000000052308 003 CaOOAMICUS 005 20231009113700.0 008 071214s1966 it u000 u ita u 040 $aSeMil$bita 100 1 $aNencini, Franco.$0(OLS)http://semarc/name/25836 245 10$aFirenze :$bi giorni del diluvio /$cdi Franco Nencini ; prefazione di Enrico Mattei. 250 $a5. Ed. 264 1$aFirenze :$bSansoni,$c1966. 300 $a134 p. :$briccamente ill. ;$c27 cm. 650 4$aFirenze - Alluvione <1966>.$0(OLS)http://semarc/subject/54567 700 1 $aMattei, Enrico,$d<1906-1962>.$0(OLS)http://semarc/name/25837 850 $aSeMil 852 $aSeMil$W1$xVenegono$y1$m4Y V 185$j243687$B18463$CSeMilBibl$Z2$F18464 $81 961 $aRecupero: Altro 996 $6245$aFirenze :$bi giorni del diluvio$9(OLS)http://semarc/title/80246 996 $6264$aFirenze :$bSansoni$9(OLS)http://semarc/publisher/29843